Statistiken für Gemeinden Landkreis Nürnberger Land

Klicken Sie hier um das Quiz zu spielen!

Allgemein

  • Dieses Quiz wurde 62 mal gespielt
  • Das Durchschnittsergebnis liegt bei 12 aus 27

Antwortstatistiken

EinwohnerGemeindeartGemeinde% Korrekt
26.483Stadt, KreisstadtLauf an der Pegnitz
98%
12.436StadtHersbruck
82%
15.276StadtAltdorf bei Nürnberg
73%
12.306StadtRöthenbach an der Pegnitz
73%
14.050MarktFeucht
70%
9.017GemeindeSchwaig bei Nürnberg
68%
3.766GemeindeHappurg
57%
8.507MarktSchnaittach
57%
6.630GemeindeLeinburg
55%
5.325GemeindePommelsbrunn
52%
8.451GemeindeSchwarzenbruck
48%
11.433GemeindeBurgthann
45%
4.671GemeindeNeunkirchen am Sand
45%
4.732GemeindeRückersdorf
45%
4.296GemeindeWinkelhaid
45%
2.837MarktNeuhaus an der Pegnitz
39%
2.094GemeindeOttensoos
39%
1.822GemeindeHenfenfeld
32%
1.822StadtVelden
32%
2.390GemeindeReichenschwand
30%
1.086GemeindeAlfeld
27%
3.328GemeindeSimmelsdorf
27%
2.123GemeindeKirchensittenbach
25%
1.459GemeindeHartenstein
23%
1.771GemeindeVorra
23%
1.085GemeindeEngelthal
20%
1.596GemeindeOffenhausen
16%

Verteilung der Resultate

Perzentil nach korrekt beantworteten Fragen

Anzahl Personen mit jedem Resultat

Ihre Resultats-Entwicklung

Sie haben dieses Quiz noch nicht gespielt